|
|
|
|
| LEADER |
02552nam a2200697 a 4500 |
| 001 |
nkc20142608240 |
| 003 |
CZ PrNK |
| 005 |
20140910145925.0 |
| 007 |
ta |
| 008 |
140711s2014 xr h e 000 1bcze |
| 015 |
|
|
|a cnb002608240
|
| 020 |
|
|
|a 978-80-7412-154-8
|q (brož.) :
|c neprodejné
|
| 035 |
|
|
|a (OCoLC)890261534
|
| 040 |
|
|
|a ABA001
|b cze
|
| 043 |
|
|
|a e-sp---
|
| 045 |
|
|
|a t1t7
|
| 072 |
|
7 |
|a 27-78
|x Křesťanská sdružení, spolky a organizace. Řeholní řády
|2 Konspekt
|9 5
|
| 072 |
|
7 |
|a 929
|x Biografie
|2 Konspekt
|9 8
|
| 080 |
|
|
|a 929
|2 MRF
|
| 080 |
|
|
|a 27-36
|2 MRF
|
| 080 |
|
|
|a 27-789.5
|2 MRF
|
| 080 |
|
|
|a 27-789.5-1/-9
|2 MRF
|
| 080 |
|
|
|a 27-788-1/-9
|2 MRF
|
| 080 |
|
|
|a 27-4
|2 MRF
|
| 080 |
|
|
|a 2-67
|2 MRF
|
| 080 |
|
|
|a 322
|2 MRF
|
| 080 |
|
|
|a (460)
|2 MRF
|
| 080 |
|
|
|a (092)
|2 MRF
|
| 100 |
1 |
|
|a Koláček, Josef,
|d 1929-2019
|7 ola200201012
|4 aut
|
| 245 |
1 |
0 |
|a František Borgiáš :
|b z vévody jezuitou /
|c Josef Koláček
|
| 246 |
3 |
0 |
|a Z vévody jezuitou
|
| 250 |
|
|
|a Vyd. 1.
|
| 260 |
|
|
|a Olomouc :
|b Refugium Velehrad-Roma,
|c 2014
|
| 300 |
|
|
|a 175 s. :
|b faksim. ;
|c 21 cm
|
| 490 |
1 |
|
|a Prameny spirituality ;
|v 37
|
| 504 |
|
|
|a Obsahuje bibliografické odkazy
|
| 550 |
|
|
|a Vydavatel: Centrum Aletti
|
| 600 |
0 |
7 |
|a Franciscus Borgias,
|c svatý,
|d 1510-1572
|7 ola2002158943
|2 czenas
|
| 648 |
|
7 |
|a 16. století
|7 ch460554
|2 czenas
|
| 648 |
|
4 |
|a 1510-1572
|
| 650 |
0 |
7 |
|a křesťanští světci
|7 ph115082
|z Španělsko
|y 16. století
|2 czenas
|
| 650 |
0 |
7 |
|a jezuité
|7 ph121349
|z Španělsko
|y 16. století
|2 czenas
|
| 650 |
0 |
7 |
|a jezuitská spiritualita
|7 ph335399
|2 czenas
|
| 650 |
0 |
7 |
|a řeholní život
|7 ph128285
|y 16. století
|2 czenas
|
| 650 |
0 |
7 |
|a církevní život
|7 ph119306
|y 16. století
|2 czenas
|
| 650 |
0 |
7 |
|a stát a církev
|7 ph116308
|z Španělsko
|y 16. století
|2 czenas
|
| 650 |
0 |
9 |
|a Christian saints
|z Spain
|y 16th century
|2 eczenas
|
| 650 |
0 |
9 |
|a Jesuits
|z Spain
|y 16th century
|2 eczenas
|
| 650 |
0 |
9 |
|a Jesuit spirituality
|2 eczenas
|
| 650 |
0 |
9 |
|a monastic life
|y 16th century
|2 eczenas
|
| 650 |
0 |
9 |
|a church life
|y 16th century
|2 eczenas
|
| 650 |
0 |
9 |
|a church and state
|z Spain
|y 16th century
|2 eczenas
|
| 655 |
|
7 |
|a biografie
|7 fd131909
|2 czenas
|
| 655 |
|
9 |
|a biography
|2 eczenas
|
| 710 |
2 |
|
|a Jezuité.
|b Česká provincie.
|b Centrum Aletti Velehrad-Roma
|7 kn20020906019
|
| 830 |
|
0 |
|a Prameny spirituality
|0 s
|
| 910 |
2 |
|
|a BOA001
|b 2-1329.871
|
| 990 |
|
|
|a BK
|
| 995 |
|
|
|a 01
|
| 991 |
|
|
|b 201408
|c NOV
|e n
|
| 996 |
6 |
|
|b 2610599289
|c 2-1329.871
|l MZK
|r Sklad / do 1 hodiny
|n 0
|p p.v.
|w 001442012
|u 000010
|a 1
|e BOA001
|j MZK50
|s P
|